| 000 | 00502nam a2200193Ia 4500 | ||
|---|---|---|---|
| 008 | 210719s2008 xx 000 0 und d | ||
| 041 | _akan | ||
| 082 | _a342.085K PUTV | ||
| 100 | _aPUTTEGAUDA (Bi Vem) | ||
| 245 | _aVyakti svatantrya mattu aparadhi kanunu Ed 1 | ||
| 250 | _a1 | ||
| 260 |
_aBengaluru _c2008 |
||
| 300 |
_axx,75 _bPB |
||
| 365 |
_b55 _cRs |
||
| 440 | _aKanunu parichaya malike;5 | ||
| 650 | _aLaw | ||
| 650 | _aLaw | ||
| 906 | _aaparadhi ; kanunu ; mattu ; svatantrya ; Vyakti | ||
| 999 |
_c215858 _d215858 |
||